000 00344nam a2200145Ia 4500
008 230711s9999||||xx |||||||||||||| ||und||
041 _aENG
082 _a624
_bAL-R
100 _aAllen,A.
245 0 _aReinforced concrete design to BS
250 _a1st . Ed.
260 _c1988
_aSpain
_bE & FN Spon
650 _aCivil Engineering
942 _cBK
999 _c481
_d481